OPAC Home

ශ්‍රී ලංකවේ ගැටුමි නිරාකරකරණය සහ සාමය ගොඩනැංවිම. බෞද්ධ පර්යලෝකය (Record no. 141337)

MARC details
000 -LEADER
fixed length control field 00615nam a2200169Ia 4500
003 - CONTROL NUMBER IDENTIFIER
control field LK-CoDNM
008 - FIXED-LENGTH DATA ELEMENTS--GENERAL INFORMATION
fixed length control field 010623t xxu||||| |||| 00| 1 sin d
040 ## - CATALOGING SOURCE
Original cataloging agency LK-CoDNM
Modifying agency LK-CoDNM
Description conventions LK-CoDNM
041 ## - LANGUAGE CODE
Language code of text/sound track or separate title Sinhala; Sinhalese
080 ## - UNIVERSAL DECIMAL CLASSIFICATION NUMBER
Universal Decimal Classification number 303 SRI
942 ## - ADDED ENTRY ELEMENTS (KOHA)
Koha item type Books
100 ## - MAIN ENTRY--PERSONAL NAME
Personal name vajirangna himi,Bibile
245 ## - TITLE STATEMENT
Title ශ්‍රී ලංකවේ ගැටුමි නිරාකරකරණය සහ සාමය ගොඩනැංවිම. බෞද්ධ පර්යලෝකය
246 ## - VARYING FORM OF TITLE
Title proper/short title Sri Lankawe Gatyum nirakaranaya Saha samaya Godananvima:Baudda Paryalokaya
300 ## - PHYSICAL DESCRIPTION
Other physical details cm
650 ## - SUBJECT ADDED ENTRY--TOPICAL TERM
Topical term or geographic name as entry element Sociology
Holdings
Withdrawn status Lost status Damaged status Not for loan Collection code Permanent Location Current Location Date acquired Full call number Barcode Koha item type
        Monographs Library National Museum Colombo - Sri Lanka Library National Museum Colombo - Sri Lanka 2023-08-02 303 SRI 151984 Books
Copyright © 2023 Department of National Museum, Colombo 07, Sri Lanka Funded by UNESCO IFAP UNESCO